| 000 | 00499nam a2200217Ia 4500 | ||
|---|---|---|---|
| 003 | 0100 | ||
| 008 | 130303s9999 xx 000 0 und d | ||
| 020 | _a0802069088 | ||
| 040 | _cARRUPELIB | ||
| 050 | _aB235.P22E6 1984 | ||
| 100 | _aGallop, David | ||
| 245 | _aParmenides of Elea | ||
| 245 | _bfragments | ||
| 260 | _aToronto | ||
| 260 | _bUniversity of Toronto Press | ||
| 260 | _C1984 | ||
| 300 | _ax | ||
| 300 | _b 144p. 23cm. | ||
| 650 | _bPhilosophy, modern | ||
| 942 |
_2lcc _02 |
||
| 999 |
_c61413 _d61413 |
||